000 00849nam a22002057a 4500
003 OSt
005 20250212084428.0
008 241003b |||||||| |||| 00| 0 eng d
040 _c0
100 _aMaloloy-on, Marvin Jay.
_eauthor.
_962175
245 _aOrganizational stressor and coping strategies of the police personnel in Digos City /
_cMarvin Jay Maloloy-on, Ryan John Cervantes, Dan Mark Tabanao, and Lalaine D. Madanlo.
260 _aPhilippines ;
_bUniversity of Mindanao,
_c2021.
300 _avolume 13, pages 380-394,
_billustration.
500 _aResearch Journal, v. 13, iss. 1, pages 380-394, 2021.
700 _aMaloloy-on, Marvin Jay.
_eauthor.
_962175
700 _aCervantes, Ryan John.
_eauthor.
_964654
700 _aTabanao, Dan Mark.
_eauthor.
_964655
700 _aMadanlo, Lalaine D.
_eauthor.
_964656
942 _2ddc
_cPER
999 _c22173
_d22173